Japanese literature : An introduction for Western readers

Tallennettuna:
Bibliografiset tiedot
Päätekijä: Keene, Donald
Aineistotyyppi: Kirja
Kieli:Undetermined
Julkaistu: New York Grove Press 1955
Aiheet:
Tagit: Lisää tagi
Ei tageja, Lisää ensimmäinen tagi!
Thư viện lưu trữ: Trung tâm Học liệu Trường Đại học Cần Thơ
LEADER 00548nam a2200205Ia 4500
001 CTU_113480
008 210402s9999 xx 000 0 und d
082 |a 895.609 
082 |b K26 
100 |a Keene, Donald 
245 0 |a Japanese literature : 
245 3 |b An introduction for Western readers 
245 0 |c Donald Keene 
260 |a New York 
260 |b Grove Press 
260 |c 1955 
650 |a Japanese literature 
650 |x History and criticism 
904 |i Giang 
980 |a Trung tâm Học liệu Trường Đại học Cần Thơ